000 01771nam a2200373 i 4500
003 DO-SdBNP
005 20260209101951.0
007 ta
008 250429b2024 dr ao||| |||| 00| 0 spa d
020 _a9789945510744
040 _aDO-SdBNP
_bspa
_cBNPHU
_erda
041 _aspa
082 4 _aRD860.44
_bS211n
_222
100 1 _aEspaillat, Rhina P.
_d1935-
_q(Rhina Polonia),
_eautor
_4aut.
_928501
245 1 0 _aNuevas aguas de dos ríos /
_cRhina P. Espaillat en español ; selección de textos y prólogo César Sánchez Beras ; prólogo de Silvio Torres-Saillant ; semblanza de Juan Matos
250 _aPrimera edición
264 4 _aSanto Domingo, República Dominicana :
_bEditora Nacional,
_c©2024.
300 _a261 páginas :
_bilustraciones, fotografías ;
_c23 cm.
336 _atexto
_btxt
_2rdacontent
337 _asin mediación
_bn
_2rdamedia
338 _avolumen
_bnc
_2rdacarrier
490 0 _aColección Homenaje
504 _aBibliografía: páginas 259-261
505 _aPrólogo. Rhina P. Espaillat en español, 15 --
_tConocer a Rhina P. Espaillat /
_rSilvio Torres-Saillant, 25 --
_tPoesías, 39 --
_tCuentos, 91 --
_tRhina P. Espaillat (la Mai) Identidad y literatura en la arquitectura cultural de la palabra /
_rDió-Genes Abreu, 93 --
_tEnsayos, 151 --
_tEpilogo, 170 --
_tSemblanza de Rhina P. Espaillat /
_rJuan Matos, 253 --
590 _aInventariado, 2025 /LP
650 7 _aPoesía dominicana
650 7 _aCuentos dominicanos
_2LEMB
650 7 _aEnsayos dominicanos
_2LEMB
650 7 _aLiteratura dominicana
700 1 _aSánchez Beras, César,
_d1962-
_eselección
_913221
_4se.
700 1 _aTorres-Saillant, Silvio,
_eprologuista
_4pr.
_927004
910 _aLP/Validado. Control de calidad MFF
942 _2ddc
_cLBS1
999 _c58335
_d58335